000 00340pab a2200145 454500
008 180718b1988 xxu||||| |||| 00| 0 eng d
100 _aPaul, Swarj
245 _aManagement today - a view from the top
260 _c1988
300 _a1-5
362 _aJul.
650 _aManagement
773 _aMDI Management Journal
909 _a13053
999 _c13053
_d13053